| 000 | 01122nac a22002897a 4500 | ||
|---|---|---|---|
| 001 | BR8200621 | ||
| 003 | BR-BrBNA | ||
| 005 | 20240105115224.0 | ||
| 008 | 230509b bl.|||m| |||| 00| 0 por d | ||
| 040 |
_aBR-BrBNA _bpor _cBiblioteca Nacional de Agricultura |
||
| 072 | _aH60 | ||
| 090 | _a1410 BR8200621 | ||
| 100 | 1 | _aOliveira, E.L.P.G. de | |
| 100 | 1 | _aSouza, H.F. | |
| 110 | 1 |
_aEmpresa de Pesquisa Agropecuaria da Bahia, Salvador (Brasil) _94095 |
|
| 245 | 1 | _aLevantamento preliminar das plantas invasoras nas principais culturas do municipio de Irece [Feijao; Milho; Phaseolus vulgaris; Zea mays; Bahia; Brasil] | |
| 246 | 1 | _a[Preliminary survey of weeds in the main crops of Irece county [Bean; Maize; Phaseolus vulgaris; Zea mays; Bahia; Brazil]] | |
| 260 | 3 |
_aSalvador, BA (Brasil): _c1981. |
|
| 300 | _a6 p. | ||
| 490 |
_aComunicado Tecnico - Empresa Brasileira de Pesquisa Agropecuaria da Bahia (Brazil) _vno. 4 _xISSN 0100-4816 |
||
| 650 | _aErva daninha | ||
| 650 | _aFeijao | ||
| 650 | _aMilho | ||
| 650 | _aBahia | ||
| 909 |
_a202312 _bLúcia Elande _c55 _dLúcia Elande |
||
| 942 |
_2AGRIS _n0 _cMS |
||
| 999 |
_c273734 _d273734 |
||